Stráňavy 1356-1996 vychádza pri prvej príležitosti 640. výročia písomnej zmienky o Stráňavách

Bibliographic Details
Other Authors: Hruška, Kamil (Compiler), Štanský, Peter, 1945- (Compiler), Ďurčo, Pavol (Photographer), Kampas, Anton (Photographer)
Format: Book
Language:Slovak
PhysicalDescription:261 strán, 2 nečíslované strany obrazových príloh faksimile, fotografie (čiastočne farebné), mapy, tabuľky 21 cm
Published: V Žiline Vysoká škola dopravy a spojov 1996
ISBN:8071003565
Edition:1. vyd.
Subjects:

MARC

LEADER 00000cam a2200000 a 4500
001 vtls001284829
003 SK-MaSNL
005 20260301004400.0
008 240226s1996 xo hoblgr 000 0 slo
015 |a SNBA1997/0802376 
020 |a 8071003565  |q (brožované) 
035 |a SNK000236336 
040 |a SNK  |b slo  |c SNK  |e AACR2 
041 0 |a slo 
043 |a e-xo--- 
044 |a xo  |c SK 
072 7 |a 911  |x Všeobecná geografia. Systematická geografia  |2 konspekt 
080 |a 943.765.8-22"1356/1996"  |2 1981 
080 |a 911.375(091)  |2 2011 
080 |a (437.6)  |2 2011 
080 |a (082.2)  |2 2011 
080 |a (048.8)  |2 2011 
245 0 0 |a Stráňavy 1356-1996  |b vychádza pri prvej príležitosti 640. výročia písomnej zmienky o Stráňavách  |c [zostavovatelia: Kamil Hruška, Peter Štanský ; autori fotografií: Anton Kampas a Pavol Ďurčo] 
246 1 4 |a 640 rokov obce Stráňavy 
246 3 |a Šestoštyridsať rokov obce Stráňavy 
250 |a 1. vyd. 
260 |a V Žiline  |b Vysoká škola dopravy a spojov  |c 1996 
300 |a 261 strán, 2 nečíslované strany obrazových príloh  |b faksimile, fotografie (čiastočne farebné), mapy, tabuľky  |c 21 cm 
366 |e 700 výtl. 
500 |a Vydané pre Obecný úrad v Stráňavách 
648 7 |a 1356-1996  |2 SNKPH  |9 287129 
650 0 7 |a dejiny obcí  |2 SNKPH  |9 164834 
651 7 |a Stráňavy (Slovensko)  |2 SNKPHgeo  |9 115432 
655 7 |a jubilejné publikácie  |2 SNKPH  |9 70339 
655 7 |a monografie  |2 SNKPH  |9 70139 
700 1 |a Hruška, Kamil  |4 com  |9 44381 
700 1 |a Štanský, Peter,  |d 1945-  |4 com  |9 9680 
700 1 |a Ďurčo, Pavol  |4 pht  |9 6130 
700 1 |a Kampas, Anton  |4 pht  |9 44708 
710 1 |a Stráňavy (Slovensko).  |b Obecný úrad  |4 pbl  |9 32324 
752 |a Slovensko  |d Žilina 
919 |a 80-7100-356-5 
954 |a odborná, vedecká literatúra pôvodná (slovenská)  |2 lita 
958 |a TL 
999 |c 542012  |d 543942 
952 |a SNK  |b SNK  |y NEVYP  |7 0  |o snkC 1033  |i snk1915/970430  |0 0  |1 0  |4 0  |d 1997-04-29  |l 0  |r 2005-01-02 00:00:00  |w 2026-02-23 
952 |a SNK  |b SNK  |y PREZ  |7 0  |p 17A0062854  |o snkSC 92984  |i snkKSP 4414/97  |8 0  |0 0  |1 0  |4 0  |d 1997-04-29  |f 1  |l 0  |r 2025-09-11 00:00:00  |w 2026-02-23 
952 |a SNK  |b SNK  |y VYP  |7 0  |p 17A0062855  |o snkSC 92984 D1  |i snkKSP 4415/97  |8 0  |0 0  |1 0  |4 0  |d 1997-04-29  |l 0  |r 2005-01-02 00:00:00  |w 2026-02-23